00342nam a22001217a 450000500170000000800410001704100080005808200080006610000580007424500510013226000290018330000080021220240812105038.0240812b |||||||| |||| 00| 0 eng d aeng bSOL aSolanke Kalyani- 2K221059 & Dr. Sonali Parchure-Guide aNIFTY Top 5 : A Technical Analysis Perspective aPune bSPPU cMarch-2024 a46p